|
|
|
|
| LEADER |
00000nam0a2200000 4500 |
| 001 |
211578 |
| 005 |
20231101225705.0 |
| 035 |
|
|
|a (RuTPU)RU\TPU\book\231142
|
| 090 |
|
|
|a 211578
|
| 100 |
|
|
|a 20120315d2011 k y0rusy50 ca
|
| 101 |
0 |
|
|a rus
|
| 102 |
|
|
|a RU
|
| 105 |
|
|
|a a dm 001zy
|
| 200 |
1 |
|
|a Переработка литиеносного поликомпонентного гидроминерального сырья на основе его обогащения по литию
|e автореферат диссертации на соискание ученой степени доктора технических наук
|e спец. 05.17.02
|f А. Д. Рябцев
|g Экостар-Наутех ; Государственный специализированный проектный институт (ГСПИ), Новосибирский «ВНИПИЭТ» ; науч. конс. Н. П. Коцупало
|
| 210 |
|
|
|a Томск
|d 2011
|
| 215 |
|
|
|a 39 с.
|c ил.
|
| 300 |
|
|
|a Защита сост. 28.02.2011 г.
|
| 320 |
|
|
|a Библиогр.: с. 35-39 (70 назв.).
|
| 452 |
|
1 |
|0 (RuTPU)RU\TPU\book\226795
|t Переработка литиеносного поликомпонентного гидроминерального сырья на основе его обогащения по литию
|o автореферат диссертации на соискание ученой степени кандидата технических наук
|o спец. 05.17.02
|f А. Д. Рябцев
|g ЗАО "Экостар-Наутех" ; Новосибирский государственный проектно-изыскательский институт"ВНИПИЭТ" ; науч. конс. Н. П. Коцупало
|c Томск
|d 2011
|a Рябцев, Александр Дмитриевич
|
| 606 |
1 |
|
|a Литий соединения
|2 stltpush
|3 (RuTPU)RU\TPU\subj\32731
|9 55187
|
| 610 |
1 |
|
|a литиеносное гидроминеральное сырье
|
| 610 |
1 |
|
|a литий
|
| 610 |
1 |
|
|a литиевая продукция
|
| 610 |
1 |
|
|a гранулированные сорбенты
|
| 610 |
1 |
|
|a получение
|
| 610 |
1 |
|
|a безреагентное обогащение
|
| 610 |
1 |
|
|a литиевые концентраты
|
| 610 |
1 |
|
|a переработка
|
| 610 |
1 |
|
|a металлический литий
|
| 610 |
1 |
|
|a особо чистые соли
|
| 610 |
1 |
|
|a попутное получение
|
| 610 |
1 |
|
|a авторефераты диссертаций
|
| 675 |
|
|
|a 661.83(04)
|v 3
|
| 686 |
|
|
|a 05.17.02
|2 oksvnk
|
| 700 |
|
1 |
|a Рябцев
|b А. Д.
|g Александр Дмитриевич
|
| 702 |
|
1 |
|a Коцупало
|b Н. П.
|g Наталья Павловна
|4 695
|
| 712 |
0 |
2 |
|a Экостар-Наутех
|c Закрытое акционерное общество
|c (Новосибирск)
|2 stltpush
|3 (RuTPU)RU\TPU\col\17874
|9 26826
|
| 712 |
0 |
2 |
|a Государственный специализированный проектный институт (ГСПИ)
|b Новосибирский «ВНИПИЭТ»
|c Новосибирский проектно-изыскательский институт
|2 stltpush
|3 (RuTPU)RU\TPU\col\17875
|
| 801 |
|
1 |
|a RU
|b 63413507
|c 20120315
|
| 801 |
|
2 |
|a RU
|b 63413507
|c 20120626
|g RCR
|
| 942 |
|
|
|c BK
|